|
|
|
|
| LEADER |
00000nam a2200000 a 4500 |
| 001 |
vtls001223588 |
| 003 |
SK-MaSNL |
| 005 |
20260301003221.0 |
| 008 |
240313s1996 xo 0 slo |
| 015 |
|
|
|a SNBJ1998/01-00023
|
| 035 |
|
|
|a SNK000169747
|
| 040 |
|
|
|a SNK
|b slo
|c SNK
|e AACR2
|
| 044 |
|
|
|a xo
|c SK
|
| 080 |
|
|
|a 252:786.6(086.7)
|2 1981
|
| 100 |
1 |
|
|a Fronková, Viola,
|d 1946-
|4 aut
|9 5563
|
| 245 |
1 |
|
|a Pokoj Vám
|h zvukový dokument
|n č.45-46
|c autorsky spracovala V. Fronková ; réžia F. Bartko
|
| 260 |
|
|
|a Bratislava
|b Slovenské evanjelizačné stredisko pre masmédia
|c 1996
|
| 300 |
|
|
|a 1 magnetofónová kazeta
|b stereo
|
| 505 |
1 |
|
|a Obsahuje 2 časti: 8. Božie prikázanie, Jozef Bedrich Kasanický; 9. Božie prikázanie, Mikuláš von Zinzendorf
|
| 511 |
1 |
|
|a Účinkujú František Kovár, Peter Rúfus, V. Jakubičková
|
| 650 |
0 |
7 |
|a kázne
|2 SNKPH
|9 1954
|
| 655 |
|
7 |
|a magnetofónové kazety
|2 SNKPH
|9 70693
|
| 700 |
1 |
|
|a Bartko, Fedor,
|d 1944-
|4 aud
|9 234201
|
| 700 |
1 |
|
|a Kovár, František,
|d 1946-
|4 uci
|
| 700 |
1 |
|
|a Rúfus, Peter,
|d 1957-
|4 uci
|9 107069
|
| 700 |
1 |
|
|a Jakubičková, V.
|4 uci
|9 44546
|
| 999 |
|
|
|c 538994
|d 540924
|
| 952 |
|
|
|t P60, <03>, [BOOK], {603}
|a SNK
|b SNK
|y PREZ
|7 0
|p 17A0007709
|o snkK 1880/45-46
|i snkJK 23/97
|0 0
|1 0
|4 0
|d 1997-01-10
|l 0
|r 2005-01-01 00:00:00
|w 2026-02-23
|